000
00337nam a2200133Ia 4500
008
151001s9999||||xx |||||||||||||| ||und||
100
_a
ज द जोगळेकर
245
_a
मुक्ततेसाठी झेप
250
_a
1
260
_b
मेघना
260
_c
2007
300
_a
139
365
_b
21
999
_c
988369
_d
988366